000 00197 a2200085 4500
020 _a9781770859159
100 _aALEX SANCHEZ VIDIELLA
245 _a1000 ARCHITECTURAL DETAILS:
260 _bFIREFLY BOOKS
999 _c13074
_d13074